00609nam a2200205Ia 450000500170000000800410001702000150005808200180007324500440009125000090013526000520014430000190019665000100021565000080022570000240023370000250025794200060028295201000028899900150038820240530004242.0240331s9999 xx 000 0 und d a0706969677 bWOMa346.0134 0aWomen and law :bcontemporary problems a1 st aNew DelhibVikas Publishing House Pvt Ltdc1994 aviii, 272 p ., aWoman aLaw aSarkar, Lotikaeedt aSivaramayya. B.eedt cL 001040708LaWERCLbWERCLcSSCd2024-03-31l0o 346.0134 WOMp2113r2024-03-31w2024-03-31yL c2810d2810